|
|
|
|
| LEADER |
00000cam a2200000 a 4500 |
| 001 |
16457 |
| 003 |
CZ-ZlUTB |
| 005 |
20190825233433.0 |
| 007 |
ta |
| 008 |
950218s1992 xr 000 0 cze |
| 015 |
|
|
|a cnb000074387
|
| 020 |
|
|
|a 8085467771
|q (brož.)
|
| 035 |
|
|
|a (OCoLC)39579490
|
| 040 |
|
|
|a ZLD002
|b cze
|c ZLD002
|d ZLD002
|
| 043 |
|
|
|a e------
|
| 045 |
|
|
|a x9x9
|
| 072 |
|
7 |
|a 339.7/.9
|x Světová ekonomika a mezinárodní finance
|2 Konspekt
|9 4
|
| 080 |
|
|
|a [339.923+327](4)
|2 MRF
|
| 080 |
|
|
|a (4)
|2 MRF
|
| 080 |
|
|
|a (048.8)
|2 MRF
|
| 100 |
1 |
|
|a Jakš, Jaroslav,
|d 1937-
|7 jk01050685
|4 aut
|
| 245 |
1 |
0 |
|a Strategie pro Evropu :
|b (podnikání v Evropě 90. let) /
|c Jaroslav Jakš
|
| 260 |
|
|
|a Jinočany :
|b H & H,
|c 1992
|
| 300 |
|
|
|a 171 s. ;
|c 21 cm
|
| 504 |
|
|
|a Obsahuje bibliografii
|
| 610 |
2 |
7 |
|a Evropská unie
|7 kn20010711086
|2 czenas
|
| 655 |
|
7 |
|a studie
|7 fd133597
|2 czenas
|
| 655 |
|
9 |
|a studies
|2 eczenas
|
| 648 |
|
7 |
|a 1991-2000
|7 ch460587
|2 czenas
|
| 650 |
0 |
7 |
|a evropská integrace
|7 ph137464
|y 1991-2000
|2 czenas
|
| 650 |
0 |
9 |
|a European integration
|y 1991-2000
|2 eczenas
|
| 651 |
|
7 |
|a země Evropských společenství
|7 ge139367
|2 czenas
|
| 651 |
|
9 |
|a European Communities countries
|2 eczenas
|
| 910 |
|
|
|a ZLD002
|
| 952 |
|
|
|0 0
|1 0
|4 0
|6 339923JAKŠJ
|7 0
|8 BOOK
|9 27935
|a UTBZL
|b UTBZL
|c 030
|d 2006-07-29
|i 62490
|l 0
|o 339.923/JAKŠ,J.
|p 420010025545
|r 2019-08-25 00:00:00
|w 2019-08-25
|x N:převod z FaME, Nováček,V. | 20100430
|y 05
|
| 992 |
|
|
|a BK
|b SK
|
| 999 |
|
|
|c 16457
|d 16457
|